Bryce Dallas Howard Filmography - Statistics

General Stats
  • This quiz has been taken 57 times
    12 since last reset
  • The average score is 25 of 77
Answer Stats
Type Year Name % Correct
Film 2015 Jurassic World
100%
Film 2022 Jurassic World: Dominion
90%
Film 2018 Jurassic World: Fallen Kingdom
90%
Film 2024 Argylle
80%
Film 2016 Pete's Dragon
70%
Film 2011 The Help
70%
TV Show 2016 Black Mirror
60%
Film 2019 Rocketman
60%
Director 2019, 2020, 2023 The Mandalorian
60%
Film 2004 The Village
60%
Film 2011 50/50
50%
Film 2001 A Beautiful Mind
50%
Film 2019 A Dog's Way Home
50%
Web Series 2018 Arrested Development
50%
Film 2025 Deep Cover
50%
Film 2000 How the Grinch Stole Christmas!
50%
Video Game 2018 Jurassic World Evolution
50%
Video Game 2021 Jurassic World Evolution 2
50%
Film 2006 Lady in the Water
50%
Video Game 2015 LEGO Jurassic World
50%
Film 2005 Manderlay
50%
Director 2025 Pets
50%
Film 2007 Spider-Man 3
50%
Film 2009 Terminator Salvation
50%
Director 2022 The Book of Boba Fett
50%
Film 2010 The Twilight Saga: Eclipse
50%
Film 1995 Apollo 13
40%
Director 2013 Call Me Crazy: A Five Film
40%
TV Show 2009 Family Guy
40%
Film 2016 Gold
40%
TV Show 2014 HitRecord on TV
40%
Video Game 2015 LEGO Dimensions
40%
Documentary 2019 Love, Antosha
40%
Video Game 2021 Maquette
40%
Film 1989 Parenthood
40%
Director 2024 Skeleton Crew
40%
Web Series 2022 Tales of the Jedi
40%
Audiobook 2019 The Testaments
40%
Theater 2003 As You Like It
30%
Film 2006 As You Like It
30%
Film 2004 Book of Love
30%
Documentary 2019 Dads
30%
Short Film 2010 Despair
30%
Film 2008 Good Dick
30%
Film 2010 Hereafter
30%
Director 2006 Orchids
30%
Short Film 2015 Pant Suits
30%
Theater 2002-2003 Tartuffe
30%
Short Film 2014 The Hug
30%
Film 2008 The Loss of a Teardrop Diamond
30%
TV Pilot 2022 Witch Mountain
30%
TV Show 2018 American Ninja Warrior
10%
Director 2013 Claudia Lewis
10%
Documentary Series 2022 Disney Gallery: Star Wars: The Book of Boba Fett
10%
Documentary Series 2020-2023 Disney Gallery: The Mandalorian
10%
Director TBA Flight of the Navigator
10%
TV Special 2025 Inside the Worlds of Epic Universe
10%
Theme Park Attraction 2019 Jurassic World: The Ride
10%
Web Mini-Series 2022 Open Door: Inside Bryce Dallas Howard's Glamorous L.A. Home
10%
Short Documentary 2014 The Lion's Mouth Opens
10%
Film 2012 The Twilight Saga: Breaking Dawn - Part 2
10%
TV Show 2022 Top Chef
10%
Commercial 2022 Barbasol
0%
Documentary Series 1999 Biography
0%
Commercial 2018 Dairy Queen
0%
TV Special 2016 Disneyland 60th Anniversary TV Special
0%
Theater 2002 Garden
0%
Theater 2002 House
0%
Documentary 2017 McLaren
0%
TV Special 2006 Moving Image Salutes Ron Howard
0%
TV Show 2011 Paula's Best Dishes
0%
Commercial 2021 Shift4Shop
0%
Short Film 2015 Soulmates
0%
Director 2023 The Santa Stories
0%
TV Show 2007 Total Request Live
0%
Commercial 2018 WildAid
0%
Commercial 2018 XFINITY
0%
No matching quizzes found
Score Distribution
Percent of People with Each Score
Percentile by Number Answered
Your Score History
You have not taken this quiz since the last reset